000 00922nam a22002297a 4500
999 _c4717
_d4717
003 AR-CdUCM
008 190311b ||||| |||| 00| 0 spa d
040 _aMUNICIPALIDAD PROVINCIAL DEL CUSCO
_cBIBLIOTECA MUNICIPAL DEL CUSCO
082 _a868.71 /
_bI23
245 _aTeoría y técnica del arte de narrar /
260 _aLa Habana :
_bEditorial Organismos,
_c1974.
300 _a32 páginas ;
_c23 cm.
440 _aColección textos para narradores
_nVI
_914622
500 _aDonación familia Luis Nieto
505 _aContenido: Función del bibliotecario en la formación del niño y del adolescente, por Maya Navarro Miranda -- Problemas del la literatura infantil y juvenil, por Alga Marina Elizagaray...
650 _aLiteratura infantil
_9588
650 _aLiteratura juvenil
_91580
650 _aLatinoamericano
_914623
700 _aInstituto Cuba del Libro
_914624
942 _2ddc
_cLIBROS
945 _adavv